| 000 | 00760nam a22002057a 4500 | ||
|---|---|---|---|
| 005 | 20100807144723.0 | ||
| 010 | _aENG-98865 | ||
| 020 |
_a9789380243214 _c90.00 |
||
| 035 | _aEN-82397 | ||
| 037 | _bDBAD/PUB | ||
| 082 | _a001.64 | ||
| 100 |
_aKarthikeyan,K _98929 |
||
| 245 |
_aDigital Computer fundamentals / _cby K Karthikeyan |
||
| 260 |
_aTiruchirappalli _bRaja Publications _c2009 |
||
| 270 |
_a4/1 S S H Shelter Hazarath Abdul Salam Street Khajanagar _bTiruchirappalli _e620020 |
||
| 300 |
_a104p _c19cm(pbk) |
||
| 650 |
_aElectronic digital computer _98930 |
||
| 942 |
_2ddc _cEN _h001.64 _mKAR |
||
| 999 |
_c40110 _d40110 |
||